01693nam a2200337 a 450000100100000000500170001000800410002702000150006804000250008308200230010810000370013124500640016825000110023226000500024330000280029349000360032150000630035750000430042050400320046359000260049565000350052171000510055683000450060791000370065295201350068995201350082495201350095995201200109495201260121499900150134000000710420240514124353.0090904s2006 dr a 001 0 spa d a9993473049 aDO-SdBNPbspacBNPHU a370.1bM826f, 20061 aMoquete de la Rosa, Jacobo9167810aFilosofía de la educación /cJacobo Moquete de la Rosa. a3a ed. aSanto Domingo :bUniversitaria - UASD,c2006. a353 p. :bil. ;c27 cm.1 aEducación y sociedadv41v987 aIncluye datos biográficos del autor en la contracubierta aIncluye índice de nombres y materias aBibliografía : p. 341-346 aInventariado, 2018/LP 0aEducaciónxFilosofía931861 aUniversidad Autónoma de Santo Domingo972951 0aEducación y sociedad ;n41v987917470 aValidado. Control de calidad MFF 001054708DSaGRbGRcHDd2009-09-04iLF1l0o370.1 M826f, 2006p7104-30r2020-06-25te. 3w2020-06-25yLFDSZPréstamo en sala 001054708DSaGRbGRcHDd2010-02-15iLF1l0o370.1 M826f, 2006p7104-40r2020-06-25te. 4w2020-06-25yLFDSZPréstamo en sala 001054708DSaGRbGRcHDd2010-02-15iLF1l0o370.1 M826f, 2006p7104-50r2020-06-25te. 5w2020-06-25yLFDSZPréstamo en sala 0010718PDaPDbPDcHDd2009-09-04iLF1l0o370.1 M826f, 2006p7104-10r2020-06-25w2020-06-25yLFPDZNo se presta 0010718PDaPDbPDcHDd2009-09-04iLF1l0o370.1 M826f, 2006p7104-20r2020-06-25te. 2w2020-06-25yLFPDZNo se presta c6885d6885